Management and feeding of sheep /

Bibliographic Details
Main Author: Shaw, Thomas, 1843-1918
Format: Book
Language:English
Published: New York : Orange Judd Co., 1914.
Subjects:

MARC

Tag First Indicator Second Indicator Subfields
LEADER 00000cam a2200000 4500
001 in00000021134
005 20151007061000.0
008 800529s1914 nyua 00010 engm
010 |a  14008587  
035 |a (OCoLC)06369976 
035 |9 AAD0743AM 
037 |c $2.00 
040 |a DLC  |c NRC  |d NRC  |d TXA  |d UtOrBLW 
049 |a TXAM  |c [5142]  |a TXAS [dyks]  |c 2 
050 0 |a SF375  |b .S48 
092 |a 636.3  |b S536 
100 1 |a Shaw, Thomas,  |d 1843-1918. 
245 1 0 |a Management and feeding of sheep /  |c by Thomas Shaw. 
264 1 |a New York :  |b Orange Judd Co.,  |c 1914. 
300 |a xxxix, 471 pages including frontispiece, illustrations ;  |c 20 cm. 
336 |a text  |b txt  |2 rdacontent 
337 |a unmediated  |b n  |2 rdamedia 
338 |a volume  |b nc  |2 rdacarrier 
650 0 |a Sheep. 
999 |a MARS 
999 f f |s a15a3014-7e59-30b7-88f1-a9530f096821  |i 3bd994e2-f814-3c06-b1fe-d1db66363f33  |t 0 
952 f f |p noncirc  |a Texas A&M University  |b College Station  |c Cushing Memorial Library & Archives  |d Cushing: Dykes (Does not check out)  |t 0  |e SF375 .S48  |h Library of Congress classification  |i unmediated -- volume  |m A14851933961 
952 f f |p ric  |a Texas A&M University  |b Rellis Campus  |c Joint Library Facility  |d Remote Storage  |t 0  |e SF375 .S48  |h Library of Congress classification  |i unmediated -- volume  |m A14801090607 
998 f f |a SF375 .S48  |t 0  |l Remote Storage 
998 f f |a SF375 .S48  |t 0  |l Cushing: Dykes (Does not check out)